000 00674nam a22001937a 4500
005 20251108172334.0
008 250721s2000 xx 000 0 ara d
082 1 4 _a346.016/طرا
100 1 _aطرابلسي، إبراهيم
_eمؤلف
245 1 0 _aالزواج و مفاعيله لدى الطوائف المشمولة في قانون 2 نيسان 1951 /
250 _aط 2 طبعة منقحة ومزيدة
264 1 _aبيروت :
_bمكتبة صادر،
_c2000.
300 _a382ص
650 1 7 _aالقانون
650 1 7 _aالزواج
650 1 7 _aقانون الأحوال الشخصية لغير المسلمين
942 _2ddc
_cBK
999 _c76632
_d76632